000 00541nam a22001817a 4500
005 20251108175739.0
008 250721s2016 xx 000 0 ara d
082 1 4 _aم/345/عوج
100 1 _aالعوجي، مصطفى
245 1 0 _aالقانون الجنائي /
264 1 _aبيروت :
_bمنشورات الحلبي الحقوقية،
_c2016.
300 _a
650 1 7 _aالقانون الجنائي
650 1 7 _aالجريمة
650 1 7 _aالمسؤولية الجنائية
942 _2ddc
_cREF
999 _c141430
_d141430